| 000 | 00407nam a2200157Ia 4500 | ||
|---|---|---|---|
| 005 | 20250603145348.0 | ||
| 008 | 250603s9999 xx 000 0 und d | ||
| 100 | _aBuckley, Merry R. | ||
| 245 | 0 | _aMicrobil communities : from life apart to life together | |
| 260 | _aWashington | ||
| 260 | _bAmerican Academy of Microbiology | ||
| 260 | _c2002 | ||
| 300 | _a20 p | ||
| 650 | _aWashington | ||
| 942 | _cBK | ||
| 999 |
_c41643 _d41643 |
||